000
00292nam a2200145Ia 4500
100
_a
Dhamdhere/D.M
650
_a
Programming
942
_c
BK
245
_a
System Programming
260
_b
McGraw - Hill
_c
2011
082
_a
5.42
_b
DHA
300
_a
538
546
_a
ENGLISH
999
_c
18327
_d
18327